Paradigmas globales y filtros domésticos: reforma administrativa y políticas social en América Latina /
Na minha lista:
| Autor principal: | |
|---|---|
| Outros Autores: | |
| Formato: | Texto |
| Tags: |
Adicionar Tag
Sem tags, seja o primeiro a adicionar uma tag!
|
MARC
| LEADER | 00000 a a2200000 04500 | ||
|---|---|---|---|
| 001 | 41182 | ||
| 003 | |||
| 040 | |||
| 100 | |a Filgueira, Fernando | ||
| 245 | |a Paradigmas globales y filtros domésticos: |b reforma administrativa y políticas social en América Latina / |c Fernando Filgueira ; Juliana Martínez | ||
| 700 | |a Martínez, Juliana | ||
| 773 | |g volumen28, número2 (1998), páginas 191-215 | ||
| 999 | |c 26020 |d 26020 | ||
